Muscles membres supérieurs - Statistiques

Statistiques générales
  • Ce quiz a été pris 57 fois
  • Le résultat moyen est 25 sur 90
Statistiques - réponses
régions muscles % Correct
muscles de la région pectorale grand pectoral
86%
muscles superficiels de l'épaule deltoïde
81%
muscles de la région pectorale petit pectoral
81%
muscles superficiels du rachis grand dorsal
79%
muscles superficiels du rachis trapèze
79%
muscles associés au triangle postérieur du cou trapèze
79%
muscles de la coiffe des rotateurs biceps brachial
74%
muscles de la loge antérieure du bras biceps brachial
74%
muscles de la coiffe des rotateurs petit rond
74%
muscles de la loge antérieure du bras brachial
70%
muscles de la loge antérieure du bras coracobrachial
70%
muscles de la coiffe des rotateurs infra-épineux
67%
muscles de la coiffe des rotateurs subscapulaire
67%
muscles de la coiffe des rotateurs supra-épineux
67%
muscles de la loge postérieure du bras triceps brachial
67%
muscles respiratoires diaphragme
56%
muscles de la paroi postérieure diaphragme
56%
muscles de la région pectorale subclavier
53%
compartiment antérieur de l'avant bras, couche profonde carré pronateur
49%
compartiment antérieur de l'avant bras, couche superficielle rond pronateur
49%
compartiment postérieur de l'avant bras, couche superficielle brachioradial
44%
compartiment antérieur de l'avant bras, couche superficielle fléchisseur ulnaire du carpe
42%
compartiment antérieur de l'avant bras, couche superficielle long palmaire
42%
compartiment antérieur de l'avant bras, couche superficielle fléchisseur radial du carpe
40%
compartiment postérieur de l'avant bras, couche profonde supinateur
35%
muscles respiratoires intercostaux
33%
compartiment postérieur de l'avant bras, couche superficielle anconé
30%
muscles superficiels du rachis élévateur de la scapula
30%
muscles associés au triangle postérieur du cou élévateur de la scapula
30%
compartiment postérieur de l'avant bras, couche superficielle extenseur ulnaire du carpe
30%
compartiment antérieur de l'avant bras, couche profonde fléchisseur profond des doigts
28%
compartiment antérieur de l'avant bras, couche intermédiaire fléchisseur superficiel des doigts
28%
muscles de la paroi antérolatérale oblique externe
28%
muscles de la paroi antérolatérale oblique interne
28%
muscles thénariens (main) adducteur du pouce
26%
compartiment antérieur de l'avant bras, couche profonde long flechisseur du pouce
26%
muscles thénariens (main) opposant du pouce
26%
muscles de la paroi postérieure carré des lombes
23%
muscles thénariens (main) court abducteur du pouce
23%
oges interosseuses (main) lombricaux
23%
compartiment postérieur de l'avant bras, couche profonde long extenseur du pouce
23%
compartiment postérieur de l'avant bras, couche superficielle long extenseur radial du carpe
23%
muscles érecteurs du rachis longissimus
23%
muscles de la paroi antérolatérale transverse de l'abdomen
23%
compartiment postérieur de l'avant bras, couche profonde court extenseur du pouce
21%
muscles thénariens (main) court fléchisseur du pouce
21%
muscles de la paroi antérolatérale droit de l'abdomen
21%
compartiment postérieur de l'avant bras, couche superficielle court extenseur radial du carpe
19%
muscles érecteurs du rachis épineux
19%
compartiment postérieur de l'avant bras, couche profonde extenseur de l'index
19%
loges interosseuses (main) interosseux palmaires
19%
muscles associés au triangle postérieur du cou scom
19%
muscles hypothénariens (main) court palmaire
16%
compartiment postérieur de l'avant bras, couche superficielle extenseur des doigts
16%
oges interosseuses (main) interosseux dorsaux
16%
muscles de la paroi postérieure grand psoas
14%
compartiment postérieur de l'avant bras, couche profonde long adducteur du pouce
14%
muscles associés au triangle postérieur du cou scalène antérieur
14%
muscles associés au triangle postérieur du cou scalène moyen
14%
muscles associés au triangle postérieur du cou scalène postérieur
14%
muscles prévertebraux et latéraux long du cou
12%
muscles de la paroi postérieure petit psoas
12%
muscles de la paroi antérolatérale pyramidal de l'abdomen
12%
muscles du groupe intermédiaire dentelés posterieurs
9%
muscles de la paroi postérieure illiaque
9%
muscles associés au triangle postérieur du cou omohyoïdien
9%
muscles du triangle antérieur du cou omohyoïdien
9%
muscles du triangle antérieur du cou sternohyoïdien
9%
muscles respiratoires subcostaux
9%
muscles hypothénariens (main) abducteur du 5e doigt
7%
muscles hypothénariens (main) court fléchisseur du 5e doigt
7%
muscles de la paroi médiale de la fosse axillaire dentelés antérieurs
7%
muscles hypothénariens (main) opposant du 5e doigt
7%
muscles superficiels du rachis splénius de la tête
7%
muscles associés au triangle postérieur du cou splénius de la tête
7%
muscles prévertebraux et latéraux droit antérieur de la tête
5%
muscles prévertebraux et latéraux droit latéral de la tête
5%
compartiment postérieur de l'avant bras, couche superficielle extenseur propre de l'auriculaire
5%
muscles prévertebraux et latéraux long de la tête
5%
muscles du triangle antérieur du cou mylohyoïdien
5%
muscles du triangle antérieur du cou sternothyroïdien
5%
muscles du triangle antérieur du cou thyrohyoïdien
5%
muscles du triangle antérieur du cou géniohyoïdien
2%
muscles superficiels du rachis grands rhomboïdes
2%
muscles érecteurs du rachis illiocostaux
2%
muscles superficiels du rachis petits rhomboïdes
2%
muscles du triangle antérieur du cou styloïdien
2%
muscles respiratoires thoraciques transverses
2%
muscles du triangle antérieur du cou digastrique antérieur
0%
muscles du triangle antérieur du cou digastrique postérieur
0%
Aucun quiz correspondant
Distribution des résultats
% des personnes avec chaque résultat
Percentile par nombre de réponses
Votre historique - résultats
Vous n’avez pas pris ce quiz